000 00212nam a22000857a 4500
008 161219b xxu||||| |||| 00| 0 eng d
100 _92124
_aKanevskaya
245 _aTake it Easy Leopard
260 _aDnipro
_bKeiv`
_c1990
999 _c5006
_d5006